[Event "Euskadi-ch Seniors 29th"]
[Site "Zarautz"]
[Date "2019.06.22"]
[Round "1"]
[White "Goti Cordon, Luis Pedro"]
[Black "Ruiz Escobar, Rafael"]
[Result "0-1"]
[WhiteElo "1243"]
[BlackElo "1939"]
[PlyCount "62"]
[EventDate "2019.06.22"]
[EventType "swiss"]
[EventRounds "6"]
[EventCountry "ESP"]
[SourceTitle "CBM 192 Extra"]
[Source "Chessbase"]
[SourceDate "2019.11.06"]
[SourceVersion "1"]
[SourceVersionDate "2019.11.06"]
[SourceQuality "1"]

1. e4 c5 2. Nc3 d6 3. g3 g6 4. Bg2 Bg7 5. Nge2 Nc6 6. d3 e6 7. 0-0 Nge7 8. Be3 0-0 9. Rb1 a6 10. a3 Rb8 11. d4 cxd4 12. Nxd4 Ne5 13. h3 Nc4 14. Bc1 Qc7 15. Nce2 b5 16. c3 Bb7 17. b3 Nb6 18. Be3 Nd7 19. Rc1 Rbc8 20. Rc2 d5 21. f3 e5 22. Nxb5 axb5 23. Qd2 Nc5 24. Rb1 dxe4 25. f4 Nf5 26. Bxc5 Qxc5+ 27. Kh1 Ne3 28. b4 Qb6 29. Qc1 Nxc2 30. Qxc2 exf4 31. Nxf4 Rxc3 0-1

[Event "Euskadi-ch Seniors 29th"]
[Site "Zarautz"]
[Date "2019.06.22"]
[Round "3"]
[White "Ruiz Escobar, Rafael"]
[Black "Saenz Martinez, Juan Jose"]
[Result "1-0"]
[WhiteElo "1939"]
[BlackElo "2201"]
[PlyCount "71"]
[EventDate "2019.06.22"]
[EventType "swiss"]
[EventRounds "6"]
[EventCountry "ESP"]
[SourceTitle "CBM 192 Extra"]
[Source "Chessbase"]
[SourceDate "2019.11.06"]
[SourceVersion "1"]
[SourceVersionDate "2019.11.06"]
[SourceQuality "1"]

1. d4 Nf6 2. c4 e5 3. dxe5 Ng4 4. Nf3 Nc6 5. Nc3 Bb4 6. Bg5 f6 7. exf6 Bxc3+ 8. bxc3 Nxf6 9. e3 0-0 10. Bd3 d6 11. Qc2 h6 12. Bh4 Bg4 13. Nd4 Ne5 14. Be4 c6 15. h3 Bd7 16. 0-0 Nxc4 17. Bd3 Ne5 18. Be2 d5 19. f4 Nf7 20. Bf3 Qe7 21. Rfe1 Nd6 22. c4 Nxc4 23. e4 Qf7 24. e5 Nh5 25. f5 Be8 26. e6 Qc7 27. e7 Rf6 28. Bxh5 Bxh5 29. Bxf6 gxf6 30. Qf2 Bf7 31. Qh4 c5 32. Ne6 Bxe6 33. Rxe6 Re8 34. Qxf6 Qg3 35. Qxh6 Ne5 36. Rxe5 1-0

[Event "Euskadi-ch"]
[Site "Pamplona"]
[Date "2018.04.05"]
[Round "4"]
[White "Ruiz Escobar, Rafael"]
[Black "Sadusea, Johnny Fernando"]
[Result "0-1"]
[WhiteElo "1873"]
[BlackElo "2071"]
[PlyCount "78"]
[EventDate "2018.04.02"]
[EventType "swiss"]
[EventRounds "7"]
[EventCountry "ESP"]
[SourceTitle "EXT 2021"]
[Source "ChessBase"]
[SourceDate "2020.10.23"]
[SourceVersion "1"]
[SourceVersionDate "2020.10.23"]
[SourceQuality "1"]

1. c4 Nf6 2. Nc3 e5 3. g3 Be7 4. Bg2 c6 5. d4 d6 6. Nf3 Nbd7 7. 0-0 0-0 8. h3 h6 9. e4 a5 10. Be3 Re8 11. Qc2 Qc7 12. Rad1 exd4 13. Nxd4 Nc5 14. b3 Bf8 15. Rfe1 Bd7 16. f4 Rad8 17. Kh2 Bc8 18. Bf2 g6 19. Qb2 Bg7 20. e5 dxe5 21. fxe5 Nfd7 22. Qa3 Bf8 23. Qb2 Nxe5 24. Re3 Bg7 25. Qa3 Ne6 26. Nxe6 Bxe6 27. Rxd8 Rxd8 28. Ne4 Nd3 29. Re2 Nxf2 30. Rxf2 Rd1 31. Qc5 Qd8 32. Qa7 Bd4 33. Qxb7 Bxf2 34. Nxf2 Ra1 35. Ne4 Qd4 36. Qb8+ Kg7 37. g4 Rxa2 38. Qf4 a4 39. Qg3 Qxe4 0-1

[Event "Navarra-ch"]
[Site "Pamplona"]
[Date "2016.04.16"]
[Round "5"]
[White "Ruiz Escobar, Rafael"]
[Black "Ortin Blanco, Inigo"]
[Result "1-0"]
[WhiteElo "1912"]
[BlackElo "2047"]
[PlyCount "73"]
[EventDate "2016.03.05"]
[EventType "swiss"]
[EventRounds "8"]
[EventCountry "ESP"]
[SourceTitle "EXT 2018"]
[Source "ChessBase"]
[SourceDate "2017.10.13"]
[SourceVersion "1"]
[SourceVersionDate "2017.10.13"]
[SourceQuality "1"]

1. d4 d5 2. c4 e6 3. Nc3 c6 4. cxd5 exd5 5. Qc2 Bd6 6. Nf3 Ne7 7. g3 Bf5 8. Qb3 Qb6 9. h4 h5 10. Bf4 Bxf4 11. gxf4 Nd7 12. Rc1 Bg4 13. Ne5 0-0 14. e3 f6 15. Nxd7 Bxd7 16. Be2 Bg4 17. Qc2 Bf5 18. Qd2 Bg6 19. Rg1 Kf7 20. Na4 Qc7 21. Nc5 Nf5 22. Bd3 Nxh4 23. Bxg6+ Nxg6 24. Qc2 Nh4 25. Rxg7+ Kxg7 26. Ne6+ Kh6 27. Nxc7 Rac8 28. Ne6 Rfe8 29. f5 Ng2+ 30. Ke2 h4 31. Rh1 Rg8 32. Kf3 Kh5 33. Nf4+ Nxf4 34. Kxf4 Rg4+ 35. Kf3 Rcg8 36. Qc5 R8g7 37. Qf8 1-0

[Event "Navarra-ch"]
[Site "Pamplona"]
[Date "2016.04.09"]
[Round "4"]
[White "Pedchenko Bondar, Alexandr"]
[Black "Ruiz Escobar, Rafael"]
[Result "0-1"]
[WhiteElo "1674"]
[BlackElo "1912"]
[PlyCount "90"]
[EventDate "2016.03.05"]
[EventType "swiss"]
[EventRounds "8"]
[EventCountry "ESP"]
[SourceTitle "EXT 2018"]
[Source "ChessBase"]
[SourceDate "2017.10.13"]
[SourceVersion "1"]
[SourceVersionDate "2017.10.13"]
[SourceQuality "1"]

1. d4 d5 2. Bf4 Nf6 3. Nf3 c5 4. c3 Nc6 5. e3 Qb6 6. Qc2 g6 7. b3 Bf5 8. Bd3 Bxd3 9. Qxd3 Bg7 10. h3 0-0 11. 0-0 Rad8 12. Nbd2 Nd7 13. Qc2 Rc8 14. Rac1 cxd4 15. cxd4 h6 16. Qb1 a5 17. a3 Qa6 18. Rc2 e5 19. dxe5 Ncxe5 20. Nxe5 Nxe5 21. Bxe5 Bxe5 22. Nf3 Bg7 23. Rxc8 Rxc8 24. Rc1 b5 25. Rxc8+ Qxc8 26. Qd3 Qc5 27. a4 bxa4 28. bxa4 Qc1+ 29. Kh2 Qc4 30. Qxc4 dxc4 31. Ne1 Kf8 32. Kg3 Ke7 33. Kf3 Kd6 34. Ke2 Bc3 35. Nc2 Ke6 36. f4 f5 37. e4 fxe4 38. Ke3 Kd5 39. g4 Bb2 40. f5 gxf5 41. gxf5 Bc1+ 42. Ke2 Ke5 43. Kd1 Bg5 44. Na3 Kd4 45. Nb5+ Kd3 0-1

[Event "Navarra-ch"]
[Site "Pamplona"]
[Date "2016.03.26"]
[Round "3"]
[White "Ochoa Aldaz, Mikel"]
[Black "Ruiz Escobar, Rafael"]
[Result "1/2-1/2"]
[WhiteElo "1704"]
[BlackElo "1912"]
[PlyCount "204"]
[EventDate "2016.03.05"]
[EventType "swiss"]
[EventRounds "8"]
[EventCountry "ESP"]
[SourceTitle "EXT 2018"]
[Source "ChessBase"]
[SourceDate "2017.10.13"]
[SourceVersion "1"]
[SourceVersionDate "2017.10.13"]
[SourceQuality "1"]

1. e4 c5 2. Nf3 d6 3. d4 cxd4 4. Nxd4 e5 5. Nb5 a6 6. N5a3 Be6 7. c4 Be7 8. Be2 Nc6 9. Nc2 Nf6 10. Nc3 Rb8 11. Be3 0-0 12. f3 Nh5 13. Qd2 b6 14. 0-0 Na5 15. b3 Nf4 16. Bxf4 exf4 17. Nb4 b5 18. cxb5 axb5 19. Nbd5 b4 20. Nxe7+ Qxe7 21. Nd5 Bxd5 22. Qxd5 Ra8 23. Rfd1 Qe5 24. Rac1 Qb2 25. Qd2 Qe5 26. Qxb4 Rfd8 27. Rd5 Qb2 28. Qd2 Qa3 29. Qxf4 Qxa2 30. Rc7 Rf8 31. Rd2 Qxb3 32. Rxd6 Nb7 33. Rdc6 Nd8 34. Rc3 Qb2 35. Qe3 Ne6 36. Rc2 Qa1+ 37. Rc1 Qe5 38. R7c3 Nd4 39. Rc5 Qd6 40. Rf5 Nxe2+ 41. Qxe2 Qe6 42. Rfc5 Qb6 43. Kf1 Qh6 44. Kg1 Qb6 45. Kf1 Rad8 46. Rc6 Qd4 47. R6c4 Qe5 48. Kg1 Qg5 49. Rd1 h6 50. Rcd4 Qc5 51. Qf2 Ra8 52. Rd5 Qc4 53. R5d4 Qc8 54. Rd5 Ra6 55. Rc5 Qa8 56. Rcd5 Ra4 57. R5d4 Ra1 58. h3 Qa7 59. Rxa1 Qxa1+ 60. Kh2 Rb8 61. Rd2 Rb1 62. Rd5 Rh1+ 63. Kg3 Qf6 64. Qe3 Qg6+ 65. Kf2 Rh2 66. Rd8+ Kh7 67. Qf4 Qb6+ 68. Kg3 Rxg2+ 69. Kxg2 Qxd8 70. Qf5+ Kg8 71. Kg3 Qb8+ 72. Kg2 Qb2+ 73. Kg3 Qc3 74. Qg4 g6 75. Qf4 Kg7 76. e5 Qe1+ 77. Kg2 Qe2+ 78. Kg3 Qa6 79. Qd4 Qe6 80. Qe4 Qb6 81. Kg2 h5 82. Qf4 Qe6 83. Qd4 g5 84. Qe4 Qa2+ 85. Kg3 h4+ 86. Kg4 Kh6 87. Qc6+ Qe6+ 88. Qxe6+ fxe6 89. f4 gxf4 90. Kxf4 Kh5 91. Kf3 Kg5 92. Ke4 Kg6 93. Kf4 Kh5 94. Kf3 Kg5 95. Ke4 Kg6 96. Kf4 Kh5 97. Kf3 Kg5 98. Ke4 Kg6 99. Kf4 Kh5 100. Kf3 Kg5 101. Ke4 Kg6 102. Kf4 Kh5 1/2-1/2

[Event "Navarra-ch"]
[Site "Pamplona"]
[Date "2016.03.12"]
[Round "2"]
[White "Ruiz Escobar, Rafael"]
[Black "Ortega Lopez, Mikel"]
[Result "0-1"]
[WhiteElo "1912"]
[BlackElo "2332"]
[PlyCount "56"]
[EventDate "2016.03.05"]
[EventType "swiss"]
[EventRounds "8"]
[EventCountry "ESP"]
[SourceTitle "EXT 2018"]
[Source "ChessBase"]
[SourceDate "2017.10.13"]
[SourceVersion "1"]
[SourceVersionDate "2017.10.13"]
[SourceQuality "1"]

1. d4 Nf6 2. Nf3 c5 3. c4 cxd4 4. Nxd4 e5 5. Nb5 d5 6. cxd5 Bc5 7. e3 0-0 8. N5c3 Bf5 9. Be2 e4 10. g4 Bg6 11. g5 Nfd7 12. h4 Ne5 13. Nd2 Bb4 14. Qb3 Na6 15. Kf1 Bxc3 16. Qxc3 Qxd5 17. Nb3 Nd3 18. Qd4 Qe6 19. Qa4 Nac5 20. Nxc5 Nxc5 21. Qb5 Rac8 22. Bd2 Nd3 23. Bc3 Rfd8 24. Qxb7 Bf5 25. Rh2 Bg4 26. Qb3 Bxe2+ 27. Kxe2 Qa6 28. Qa3 Nf4+ 0-1

[Event "Pamplona Navarro-ch"]
[Site "Pamplona"]
[Date "2015.05.16"]
[Round "6"]
[White "Ruiz Escobar, Rafael"]
[Black "Lerendegui Lasa, Odei"]
[Result "1-0"]
[WhiteElo "1934"]
[BlackElo "1805"]
[PlyCount "57"]
[EventDate "2015.04.11"]
[EventType "swiss"]
[EventRounds "8"]
[EventCountry "ESP"]
[SourceTitle "EXT 2016"]
[Source "ChessBase"]
[SourceDate "2015.10.08"]
[SourceVersion "1"]
[SourceVersionDate "2015.10.08"]
[SourceQuality "1"]

1. d4 Nf6 2. c4 g6 3. g3 Bg7 4. Bg2 0-0 5. Nf3 d6 6. 0-0 c5 7. d5 Na6 8. Nc3 Nc7 9. h3 a6 10. a4 e5 11. e4 Rb8 12. a5 b5 13. axb6 Na8 14. Be3 Nxb6 15. b3 Ne8 16. g4 Nc7 17. Bg5 Qe8 18. Qd2 f6 19. Be3 Bh8 20. Nh4 g5 21. Nf5 Bxf5 22. exf5 Nba8 23. Rab1 Nb6 24. Ne4 Nc8 25. Nxc5 dxc5 26. d6 Na8 27. d7 Qe7 28. Qd5+ Qf7 29. d8Q 1-0

[Event "Pamplona Navarro-ch"]
[Site "Pamplona"]
[Date "2015.05.02"]
[Round "4"]
[White "Martinez Zazo, Jesus"]
[Black "Ruiz Escobar, Rafael"]
[Result "0-1"]
[WhiteElo "1779"]
[BlackElo "1934"]
[PlyCount "66"]
[EventDate "2015.04.11"]
[EventType "swiss"]
[EventRounds "8"]
[EventCountry "ESP"]
[SourceTitle "EXT 2016"]
[Source "ChessBase"]
[SourceDate "2015.10.08"]
[SourceVersion "1"]
[SourceVersionDate "2015.10.08"]
[SourceQuality "1"]

1. e4 d5 2. exd5 Nf6 3. c4 e6 4. dxe6 Bxe6 5. d4 Bb4+ 6. Nc3 Ne4 7. Qc2 Qxd4 8. Be3 Qf6 9. Rc1 Bf5 10. Bd3 Qg6 11. Nge2 Nxc3 12. Bxf5 Ne4+ 13. Kf1 Qxf5 14. f3 Nd6 15. Qa4+ Nc6 16. a3 Bc5 17. Bxc5 Qxc5 18. b4 Qe3 19. Rc3 Qd2 20. c5 Nc8 21. b5 N6e7 22. Qe4 c6 23. Rd3 Qb2 24. bxc6 bxc6 25. Kf2 0-0 26. Rhd1 Nd5 27. R1d2 Qb5 28. Qd4 Nce7 29. Rb2 Qa5 30. h4 Nf5 31. Qc4 Rab8 32. Rxb8 Rxb8 33. h5 Qb5 0-1

[Event "Pamplona Navarro-ch"]
[Site "Pamplona"]
[Date "2015.04.18"]
[Round "2"]
[White "Ruiz Escobar, Rafael"]
[Black "Urriza Iricibar, Pablo"]
[Result "0-1"]
[WhiteElo "1934"]
[BlackElo "2213"]
[PlyCount "96"]
[EventDate "2015.04.11"]
[EventType "swiss"]
[EventRounds "8"]
[EventCountry "ESP"]
[SourceTitle "EXT 2016"]
[Source "ChessBase"]
[SourceDate "2015.10.08"]
[SourceVersion "1"]
[SourceVersionDate "2015.10.08"]
[SourceQuality "1"]

1. d4 g6 2. c4 Bg7 3. Nf3 c5 4. d5 d6 5. a4 Nf6 6. Nc3 0-0 7. e4 Bg4 8. Be2 Bxf3 9. Bxf3 Nfd7 10. 0-0 Na6 11. Be3 Qb6 12. Qc1 Nb4 13. a5 Qd8 14. Be2 a6 15. Qd2 Qc7 16. h4 Rad8 17. h5 e5 18. Bg5 Rde8 19. Be3 f5 20. f4 exf4 21. Rxf4 g5 22. Rff1 f4 23. Bf2 Nf6 24. g3 Nxe4 25. Nxe4 Rxe4 26. Bf3 Rxc4 27. Qe2 Rc2 28. Qe6+ Kh8 29. gxf4 gxf4 30. Be4 Re2 31. Rae1 Rxe1 32. Bxe1 Bd4+ 33. Kh1 Qf7 34. Bf3 Qxe6 35. dxe6 Nc6 36. Bc3 Re8 37. Bxc6 bxc6 38. Rxf4 Bxc3 39. bxc3 Rxe6 40. Rf7 d5 41. Ra7 d4 42. cxd4 cxd4 43. Rxa6 Rd6 44. Rb6 d3 45. Rb1 c5 46. Kg2 d2 47. Rd1 c4 48. a6 c3 0-1

[Event "Navarra-ch"]
[Site "Pamplona"]
[Date "2014.05.17"]
[Round "6"]
[White "Iraneta Unzue, Iker"]
[Black "Ruiz Escobar, Rafael"]
[Result "1-0"]
[WhiteElo "1983"]
[BlackElo "1924"]
[PlyCount "51"]
[EventDate "2014.03.29"]
[EventType "swiss"]
[EventRounds "8"]
[EventCountry "ESP"]
[SourceTitle "EXT 2016"]
[Source "ChessBase"]
[SourceDate "2015.10.08"]
[SourceVersion "1"]
[SourceVersionDate "2015.10.08"]
[SourceQuality "1"]

1. d4 Nf6 2. Nf3 c5 3. c4 e6 4. d5 exd5 5. cxd5 d6 6. Nc3 g6 7. g3 Bg7 8. Bg2 b5 9. Nxb5 Qa5+ 10. Nc3 Ne4 11. 0-0 Nxc3 12. bxc3 Qxc3 13. Qa4+ Bd7 14. Qe4+ Kf8 15. Bf4 Na6 16. Bxd6+ Kg8 17. Qe7 Bb5 18. Ne5 Be8 19. Rac1 Qa5 20. Ng4 h5 21. Nf6+ Bxf6 22. Qxf6 Kh7 23. Be5 Rg8 24. d6 Rd8 25. Rc4 Nb8 26. Rh4 1-0

[Event "Navarra-ch"]
[Site "Pamplona"]
[Date "2014.03.29"]
[Round "1"]
[White "Ruiz Escobar, Rafael"]
[Black "Arrese Igor Royuela, Alex"]
[Result "1-0"]
[WhiteElo "1924"]
[BlackElo "1568"]
[PlyCount "73"]
[EventDate "2014.03.29"]
[EventType "swiss"]
[EventRounds "8"]
[EventCountry "ESP"]
[SourceTitle "EXT 2016"]
[Source "ChessBase"]
[SourceDate "2015.10.08"]
[SourceVersion "1"]
[SourceVersionDate "2015.10.08"]
[SourceQuality "1"]

1. Nf3 Nf6 2. d4 d5 3. c4 e6 4. Bg5 Nbd7 5. cxd5 exd5 6. Nc3 c6 7. e3 Be7 8. Qc2 h6 9. Bxf6 Nxf6 10. Bd3 Bd6 11. 0-0 0-0 12. e4 dxe4 13. Nxe4 Bg4 14. Ne5 Be6 15. Nxd6 Qxd6 16. Rad1 Kh8 17. Rfe1 Ng4 18. h3 Nf6 19. Bc4 Bd5 20. Bxd5 Nxd5 21. Qf5 Kg8 22. a3 Ne7 23. Qe4 Rae8 24. Qc2 Ng6 25. Qc3 Nh4 26. Qb3 b5 27. Re4 g5 28. Nxf7 Rxf7 29. Rxe8+ Kg7 30. d5 Qf4 31. Qc3+ Rf6 32. f3 Qg3 33. Re7+ Kg6 34. Qc2+ Kh5 35. Rf1 Nxf3+ 36. Rxf3 Rxf3 37. Qe2 1-0

[Event "Huarte Puente Foral op 8th"]
[Site "Huarte"]
[Date "2013.12.04"]
[Round "2"]
[White "Ruiz Escobar, Rafael"]
[Black "Mindeguia Guruceaga, Juan Jesus"]
[Result "0-1"]
[WhiteElo "1938"]
[BlackElo "2205"]
[PlyCount "66"]
[EventDate "2013.12.03"]
[EventType "swiss"]
[EventRounds "7"]
[EventCountry "ESP"]
[SourceTitle "EXT 2016"]
[Source "ChessBase"]
[SourceDate "2015.10.08"]
[SourceVersion "1"]
[SourceVersionDate "2015.10.08"]
[SourceQuality "1"]

1. c4 e6 2. Nc3 d5 3. d4 c5 4. cxd5 exd5 5. e3 Nc6 6. Nf3 Nf6 7. h3 c4 8. Be2 Bb4 9. 0-0 0-0 10. Bd2 Re8 11. Rc1 a6 12. a3 Bd6 13. Be1 b5 14. Nd2 Bc7 15. b4 Qd6 16. Nf3 Ne4 17. Bd2 Ng5 18. Ne5 f6 19. f4 fxe5 20. dxe5 Nxe5 21. e4 dxe4 22. fxe5 Qd4+ 23. Kh1 e3 24. Bxe3 Qxe3 25. Nd5 Qa7 26. Bf3 Nxf3 27. Qxf3 Be6 28. Rce1 Kh8 29. Nf6 Rf8 30. Qh5 gxf6 31. Rxf6 Rxf6 32. exf6 Qf2 33. Qd1 Bxh3 0-1

[Event "San Sebastian op 36th"]
[Site "San Sebastian"]
[Date "2013.03.25"]
[Round "4"]
[White "Buiza Prieto, Eihartze"]
[Black "Ruiz Escobar, Rafael"]
[Result "0-1"]
[WhiteElo "1690"]
[BlackElo "1932"]
[PlyCount "96"]
[EventDate "2013.03.23"]
[EventType "swiss"]
[EventRounds "9"]
[EventCountry "ESP"]
[SourceTitle "CBM 153 Extra"]
[Source "ChessBase"]
[SourceDate "2013.04.22"]
[SourceVersion "1"]
[SourceVersionDate "2013.04.22"]
[SourceQuality "1"]

1. e4 c5 2. b3 d5 3. exd5 Qxd5 4. Nc3 Qe5+ 5. Qe2 Qxe2+ 6. Bxe2 e6 7. Ba3 Bd7 8. 0-0-0 Bc6 9. Bb5 Nf6 10. Nf3 a6 11. Bxc6+ Nxc6 12. Rhe1 b5 13. Bb2 Be7 14. h3 0-0 15. g4 Rfe8 16. d3 Bd6 17. Ne4 Nxe4 18. Rxe4 a5 19. a4 bxa4 20. Rxa4 Nb4 21. Ne5 f6 22. Nc4 Bc7 23. Ne3 e5 24. f3 Kf7 25. Kd2 g6 26. Ke2 Ke6 27. c3 Nc6 28. Ba3 Bd6 29. Nc4 Bf8 30. Ne3 Kf7 31. Rc4 a4 32. bxa4 Na5 33. Re4 Reb8 34. Kd2 Rb3 35. Ra1 Rab8 36. Kc2 c4 37. Bxf8 cxd3+ 38. Kxd3 Kxf8 39. Nc4 Nc6 40. Ree1 Nb4+ 41. Ke4 Rxc3 42. Rac1 Nc2 43. Nd6 Rb4+ 44. Kd5 Rd4+ 45. Ke6 Rc6 46. Kxf6 Rcxd6+ 47. Kxe5 Ke7 48. Rxc2 R6d5# 0-1

[Event "Navarra-chT Preferente"]
[Site "Navarra"]
[Date "2012.10.27"]
[Round "3.6"]
[White "Ruiz Escobar, Rafael"]
[Black "Montoya Irigoyen, Inigo"]
[Result "0-1"]
[WhiteElo "1944"]
[BlackElo "2009"]
[PlyCount "118"]
[EventDate "2012.10.13"]
[EventType "team"]
[EventRounds "7"]
[EventCountry "ESP"]
[SourceTitle "EXT 2014"]
[Source "ChessBase"]
[SourceDate "2013.11.20"]
[SourceVersion "1"]
[SourceVersionDate "2013.11.20"]
[SourceQuality "1"]
[WhiteTeam "Nuevo Casino"]
[BlackTeam "San Juan"]
[WhiteTeamCountry "ESP"]
[BlackTeamCountry "ESP"]

1. d4 Nf6 2. Nf3 e6 3. c4 b6 4. a3 Bb7 5. Nc3 d5 6. Bg5 Be7 7. Bxf6 Bxf6 8. e3 0-0 9. cxd5 exd5 10. Bd3 Nd7 11. 0-0 Re8 12. Rc1 c5 13. Re1 a6 14. Bc2 Rc8 15. Bf5 g6 16. Bh3 Rc7 17. Qb3 c4 18. Qc2 Nb8 19. Na4 Qd6 20. Nc3 Rce7 21. Rcd1 Nc6 22. e4 dxe4 23. Nxe4 Qf4 24. Nxf6+ Qxf6 25. Rxe7 Nxe7 26. Ne5 b5 27. Nd7 Qh4 28. Qe2 Rd8 29. Qe5 Nd5 30. Re1 Bc6 31. Qd6 Bxd7 32. Bxd7 Nf6 33. Re7 Ne4 34. Rxe4 Qxe4 35. g3 Qb7 36. Bc6 Qb6 37. Qc5 Qxc5 38. dxc5 Rc8 39. Bb7 Rxc5 40. Bxa6 f5 41. Kf1 Kf7 42. Ke2 Ke6 43. f4 Kd6 44. Bb7 Rc7 45. Bf3 Kc5 46. Kd2 b4 47. axb4+ Kxb4 48. Bd1 Rd7+ 49. Ke2 Kc5 50. Bc2 Rb7 51. Kd2 Rxb2 52. Kc3 Rxc2+ 53. Kxc2 Kd4 54. Kd2 c3+ 55. Kc2 Kc4 56. h3 h5 57. h4 Kd4 58. Kd1 Kd3 59. Kc1 c2 0-1

[Event "Huarte Puente Foral op-B 5th"]
[Site "Huarte"]
[Date "2010.12.06"]
[Round "5"]
[White "Ruiz Escobar, Rafael"]
[Black "Apesteguia Domaica, Jose Antonio"]
[Result "1/2-1/2"]
[WhiteElo "1952"]
[BlackElo "1827"]
[PlyCount "105"]
[EventDate "2010.12.03"]
[EventType "swiss"]
[EventRounds "7"]
[EventCountry "ESP"]
[SourceTitle "EXT 2016"]
[Source "ChessBase"]
[SourceDate "2015.10.08"]
[SourceVersion "1"]
[SourceVersionDate "2015.10.08"]
[SourceQuality "1"]

1. d4 d5 2. c4 e6 3. Nc3 c6 4. cxd5 exd5 5. Nf3 Be7 6. Qc2 Nf6 7. Bg5 0-0 8. e3 Bg4 9. Ne5 Nbd7 10. Bxf6 Nxf6 11. Bd3 Bh5 12. 0-0 Bg6 13. Bxg6 fxg6 14. Qb3 Qb6 15. Qc2 Bd6 16. f4 Bxe5 17. fxe5 Ng4 18. Qe2 Nh6 19. Na4 Qd8 20. Nc5 Qe7 21. b4 Rxf1+ 22. Rxf1 Rf8 23. Rxf8+ Kxf8 24. g4 Nf7 25. Qf2 Kg8 26. a3 Ng5 27. Kg2 b6 28. Nd3 Ne4 29. Qe1 a5 30. Nf4 axb4 31. axb4 Qg5 32. h3 Qe7 33. Qa1 Qf8 34. Qa2 Kh8 35. h4 Qc8 36. Kf3 g5 37. hxg5 Nxg5+ 38. Kg3 Ne4+ 39. Kh3 Ng5+ 40. Kh2 g6 41. Qe2 Qf8 42. Qf2 Qe7 43. Qf1 Ne4 44. Qe1 Qg5 45. Kh3 Qh6+ 46. Kg2 Qg5 47. Kf3 Qh6 48. Kg2 Qg5 49. Kh3 Qh6+ 50. Kg2 Qg5 51. Kh3 Qh6+ 52. Kg2 Qg5 53. Kh3 1/2-1/2

[Event "Huarte Puente Foral op-B 5th"]
[Site "Huarte"]
[Date "2010.12.04"]
[Round "3"]
[White "Ruiz Escobar, Rafael"]
[Black "Gonzalez Santamartina, Jorge"]
[Result "1-0"]
[WhiteElo "1952"]
[BlackElo "1720"]
[PlyCount "122"]
[EventDate "2010.12.03"]
[EventType "swiss"]
[EventRounds "7"]
[EventCountry "ESP"]
[SourceTitle "EXT 2016"]
[Source "ChessBase"]
[SourceDate "2015.10.08"]
[SourceVersion "1"]
[SourceVersionDate "2015.10.08"]
[SourceQuality "1"]

1. d4 d5 2. c4 e6 3. Nc3 Nf6 4. cxd5 exd5 5. Bg5 c6 6. Qc2 Be7 7. e3 Nbd7 8. Bd3 0-0 9. Nf3 Re8 10. 0-0 Nf8 11. Rab1 g6 12. b4 Ne6 13. Bh4 Ng7 14. Rfe1 Bf5 15. Ne5 Nd7 16. Bxe7 Qxe7 17. Nxd7 Qxd7 18. b5 Reb8 19. bxc6 bxc6 20. Na4 Bxd3 21. Qxd3 Ne6 22. Qc3 Rc8 23. Nc5 Nxc5 24. Qxc5 Rc7 25. Rec1 Rac8 26. Qa5 Rb7 27. h3 Rxb1 28. Rxb1 Qc7 29. Qc5 Rb8 30. Rc1 Rc8 31. a4 Kg7 32. a5 Kf6 33. Rb1 Qd7 34. a6 Rc7 35. e4 Qe7 36. e5+ Kg7 37. f4 Kf8 38. Rb8+ Kg7 39. Qxe7 Rxe7 40. Rc8 Re6 41. g4 c5 42. Rxc5 Rxa6 43. Rxd5 Ra1+ 44. Kg2 Ra2+ 45. Kg3 Ra3+ 46. Kg2 Ra2+ 47. Kf3 a5 48. Rd7 Kf8 49. g5 a4 50. Ke4 a3 51. Ra7 Ra1 52. Kd5 a2 53. h4 Kg8 54. h5 gxh5 55. f5 Rf1 56. Ra8+ Kg7 57. f6+ Kg6 58. Rxa2 Kxg5 59. Rg2+ Kf4 60. Rg7 Rd1 61. Rxh7 Ke3 1-0

[Event "Pamplona San Juan op 3rd"]
[Site "Pamplona"]
[Date "2009.07.27"]
[Round "1"]
[White "Ibrahimov, Rasul"]
[Black "Ruiz Escobar, Rafael"]
[Result "1-0"]
[WhiteElo "2543"]
[BlackElo "1958"]
[PlyCount "47"]
[EventDate "2009.07.27"]
[EventType "swiss"]
[EventRounds "9"]
[EventCountry "ESP"]
[SourceTitle "CBM 131 Extra"]
[Source "ChessBase"]
[SourceDate "2009.09.03"]
[SourceVersion "2"]
[SourceVersionDate "2009.09.16"]
[SourceQuality "1"]

1. Nf3 Nf6 2. c4 d6 3. d4 c5 4. Nc3 Na6 5. e4 Bg4 6. d5 g6 7. Be2 Bg7 8. h3 Bxf3 9. Bxf3 Nd7 10. Be3 0-0 11. 0-0 Nc7 12. Qd2 Rb8 13. Be2 a6 14. a4 b6 15. Rad1 Qe8 16. f4 f6 17. Qc2 Bh6 18. Kh1 Ne5 19. Rb1 Nf7 20. b4 e5 21. dxe6 Nxe6 22. Nd5 Nd4 23. Bxd4 cxd4 24. Nxf6+ 1-0

[Event "Pamplona op"]
[Site "Pamplona"]
[Date "2008.12.24"]
[Round "4"]
[White "Ruiz Escobar, Rafael"]
[Black "Vega Gutierrez, Belinda Vidina"]
[Result "0-1"]
[WhiteElo "2028"]
[BlackElo "2226"]
[PlyCount "94"]
[EventDate "2008.12.22"]
[EventType "swiss"]
[EventRounds "9"]
[EventCountry "ESP"]
[SourceTitle "CBM 127 Extra"]
[Source "ChessBase"]
[SourceDate "2009.01.08"]
[SourceVersion "2"]
[SourceVersionDate "2009.01.28"]
[SourceQuality "1"]

1. d4 d6 2. Nf3 Nf6 3. c4 g6 4. Nc3 Bg7 5. e4 0-0 6. Be2 e5 7. Be3 Nbd7 8. 0-0 Re8 9. Qc2 exd4 10. Nxd4 Ne5 11. f3 c6 12. Bf2 Nh5 13. Qd2 Nd7 14. Nc2 Be5 15. g3 Ndf6 16. Rfe1 Be6 17. Bf1 Qc8 18. Nd1 Bh3 19. Bg2 Bxg2 20. Kxg2 Qe6 21. Nce3 Rad8 22. h3 d5 23. exd5 cxd5 24. Nxd5 Nxd5 25. cxd5 Rxd5 26. Qb4 Qc6 27. Rb1 Bxg3 28. Rxe8+ Qxe8 29. Ne3 Rb5 30. Qd4 Be5 31. Qxa7 Nf4+ 32. Kf1 Nxh3 33. Ng4 Nxf2 34. Qxf2 h5 35. Nxe5 Qxe5 36. b3 Qf4 37. Re1 Rf5 38. Re3 Kh7 39. Ke2 Qd4 40. a4 Rc5 41. Kf1 Rc1+ 42. Kg2 Qd1 43. Kg3 Rc2 44. Qe1 Qd6+ 45. f4 Qd7 46. Kf3 Qd5+ 47. Re4 Qxb3+ 0-1